[Event "Kaluga Tsiolkovsky Memorial op"]
[Site "Kaluga"]
[Date "2013.08.05"]
[Round "3"]
[White "Polyakov, Mikhail"]
[Black "Afonasieva, Anna"]
[Result "0-1"]
[WhiteElo "1586"]
[BlackElo "1862"]
[PlyCount "56"]
[EventDate "2013.08.03"]
[EventType "swiss"]
[EventRounds "9"]
[EventCountry "RUS"]
[SourceTitle "CBM 156 Extra"]
[Source "ChessBase"]
[SourceDate "2013.10.22"]
[SourceVersion "1"]
[SourceVersionDate "2013.10.22"]
[SourceQuality "1"]

1. e4 c6 2. d4 d5 3. Nd2 dxe4 4. Nxe4 Bf5 5. Ng3 Bg6 6. Nf3 Nd7 7. Be2 e6 8. 0-0 Bd6 9. c3 Ngf6 10. Bd3 0-0 11. Re1 Qc7 12. Ng5 c5 13. Bxg6 hxg6 14. N5e4 cxd4 15. Qxd4 Bc5 16. Nxc5 Qxc5 17. Qh4 b5 18. Bg5 Rac8 19. Ne4 Nxe4 20. Rxe4 Qf5 21. Rae1 Nc5 22. g4 Qd5 23. Be7 Nxe4 24. Bxf8 Rxf8 25. Re3 Ng5 26. Qg3 Rd8 27. f4 Qd1+ 28. Re1 Nf3+ 0-1

[Event "Kaluga Tsiolkovsky Memorial op"]
[Site "Kaluga"]
[Date "2013.08.04"]
[Round "2"]
[White "Bunakov, Vasily"]
[Black "Polyakov, Mikhail"]
[Result "1-0"]
[WhiteElo "1950"]
[BlackElo "1586"]
[PlyCount "75"]
[EventDate "2013.08.03"]
[EventType "swiss"]
[EventRounds "9"]
[EventCountry "RUS"]
[SourceTitle "CBM 156 Extra"]
[Source "ChessBase"]
[SourceDate "2013.10.22"]
[SourceVersion "1"]
[SourceVersionDate "2013.10.22"]
[SourceQuality "1"]

1. d4 d5 2. c4 Nf6 3. Nc3 e6 4. Bg5 Be7 5. e3 Nbd7 6. Nf3 h6 7. Bh4 0-0 8. Bd3 dxc4 9. Bxc4 c5 10. 0-0 b6 11. Rc1 Bb7 12. Qe2 a6 13. Rfd1 Nd5 14. Bxd5 Bxd5 15. Bxe7 Qxe7 16. Nxd5 exd5 17. dxc5 Nxc5 18. Rxd5 Rfd8 19. Rcd1 Rxd5 20. Rxd5 Qe6 21. Qd1 Na4 22. b3 Nc3 23. Rd8+ Rxd8 24. Qxd8+ Kh7 25. Qd3+ Ne4 26. Nd2 f5 27. Nxe4 Qxe4 28. Qxe4 fxe4 29. Kf1 Kg6 30. Ke2 Kf5 31. Kd2 Ke5 32. Kc3 Kd5 33. Kb4 g5 34. g4 b5 35. Ka5 Kc5 36. a3 Kc6 37. Kxa6 Kc5 38. Ka5 1-0

[Event "Kaluga Tsiolkovsky Memorial op"]
[Site "Kaluga"]
[Date "2012.08.03"]
[Round "5"]
[White "Polyakov, Mikhail"]
[Black "Skripchenko, Vladimir N"]
[Result "1/2-1/2"]
[WhiteElo "2285"]
[BlackElo "1814"]
[PlyCount "41"]
[EventDate "2012.07.30"]
[EventType "swiss"]
[EventRounds "9"]
[EventCountry "RUS"]
[SourceTitle "EXT 2014"]
[Source "ChessBase"]
[SourceDate "2013.11.20"]
[SourceVersion "1"]
[SourceVersionDate "2013.11.20"]
[SourceQuality "1"]

1. e4 g6 2. d4 Bg7 3. Nf3 d6 4. Bc4 Nf6 5. Qd3 0-0 6. 0-0 c6 7. Nc3 a5 8. a4 Qc7 9. Re1 e5 10. dxe5 dxe5 11. Be3 Rd8 12. Qf1 h6 13. Nh4 Kh7 14. f4 Qe7 15. fxe5 Ng4 16. Nf3 Nxe3 17. Rxe3 Be6 18. Bxe6 Qxe6 19. Rd1 Rxd1 20. Qxd1 Nd7 21. Qd6 1/2-1/2